LEADER 00996nam0 22002771i 450 001 UON00421584 005 20231205104826.180 100 $a20130402d1934 |0itac50 ba 101 $aita 102 $aIT 105 $a|||| 1|||| 200 1 $aGide$fHenry Massis$gtraduzione di G.L. Pizzolari 210 $aBrescia$cMorcelliana$d1934 215 $a184 p.$d19 cm. 606 $aGIDE ANDRE'$3UONC043158$2FI 620 $aIT$dBrescia$3UONL000026 676 $a801.95$cCritica letteraria$v21 700 1$aMassis$bHenri$3UONV164945$00 702 1$aPIZZOLARI$bG.L.$3UONV214897 712 $aMorcelliana$3UONV249885$4650 801 $aIT$bSOL$c20260213$gRICA 899 $aSIBA - SISTEMA BIBLIOTECARIO DI ATENEO E ARCHIVIO STORICO$2UONSI 912 $aUON00421584 950 $aSIBA - SISTEMA BIBLIOTECARIO DI ATENEO E ARCHIVIO STORICO$dSI VI B GID MAS 01 $eSI MR 16767 5 01 $sBuono 996 $aGide$91333684 997 $aUNIOR